Which Country Is This? - Extreme Edition - Statistics

General Stats
  • This quiz has been taken 14 times
  • The average score is 8 of 16
Answer Stats
Picture Answer % Correct
United Kingdom
91%
China
73%
Vietnam
73%
Colombia
64%
Czech Republic
64%
Pakistan
64%
France
55%
Namibia
55%
Uganda
55%
Algeria
45%
Kazakhstan
45%
Latvia
36%
Panama
36%
Romania
36%
Barbados
27%
Guyana
27%
No matching quizzes found
Score Distribution
Percent of People with Each Score
Percentile by Number Answered
Your Score History
You have not taken this quiz